Countries with the Most Avocados Quiz Stats

 Plays Quiz Updated Jul 2, 2018

Challenge
Share
Tweet
Embed
Score 0/20 Timer 04:00
1 Play Today
Rank Country % Correct
1Mexico
95.5%
9United States
94.2%
17Brazil
91.9%
2Chile
77.2%
4Peru
75.4%
5Spain
73.3%
11Italy
67.9%
10France
67.2%
12Ecuador
59.3%
14Germany
52.2%
Rank Country % Correct
7South Africa
50%
18Nicaragua
47.2%
13New Zealand
43.2%
15Morocco
34.6%
8Dominican Republic
31.1%
6Israel
29.4%
3Netherlands
28.9%
20Belgium
27%
19Slovenia
10.4%
16Lithuania
5.1%

You're not logged in!

Compare scores with friends on all Sporcle quizzes.
Join for Free
OR
Log In

You Might Also Like...

Show Comments

Extras

Top Quizzes Today


Score Distribution

Your Account Isn't Verified!

In order to create a playlist on Sporcle, you need to verify the email address you used during registration. Go to your Sporcle Settings to finish the process.

Report this User

Report this user for behavior that violates our Community Guidelines.

Details: